Elder Scrolls Heroes by Game - Statistics

General Stats
  • This quiz has been taken 108 times
  • The average score is 5 of 9
Answer Stats
Game Hero % Correct
Elder Scrolls Oblivion 3E 433 Hero of Kvatch
87%
Elder Scrolls Morrowind 3E 427 The Nerevarine
87%
Elder Scrolls Skyrim 4E 201 The Last Dragonborn
63%
Elder Scrolls Online 2E 582 The Vestige
61%
Elder Scrolls Adventures Redguard 2E 864 Cyrus
57%
Elder Scrolls Daggerfall 3E 405 The Agent
53%
Elder Scrolls Arena 3E 389-399 Eternal Champion
39%
Elder Scrolls Legend Battlespire 3E 389-399 The Apprentice
16%
Elder Scrolls Travels Shadowkey 3E 397 Soul of Conflict
10%
No matching quizzes found
Score Distribution
Percent of People with Each Score
Percentile by Number Answered
Your Score History
You have not taken this quiz